000 00698nam a2200265Ia 4500
005 20260121170721.0
008 008 260114s9999 xx 000 0 eng d
020 _a9783319973135
037 _aEBOOK
040 _aCRL
040 _beng
040 _cCRL
041 _2eng
041 _aeng
084 _qCRL
100 _aJosé Antonio Pero-Sanz Elorz, Daniel Fernández González, Luis Felipe Verdeja
_91067293
245 0 _aPhysical Metallurgy of Cast Irons
260 _bSpringer
260 _bSpringer
260 _c2018
856 _uhttps://link.springer.com/openurl?genre=book&isbn=978-3-319-97313-5
942 _cEBOOK
999 _c1633023
_d1633023